|
|
|
|
| LEADER |
01530nam a22003257a 4500 |
| 001 |
34353 |
| 003 |
BD-DhAAL |
| 005 |
20190321153148.0 |
| 008 |
190321t2018 flua b 101 0 eng dcam i |
| 999 |
|
|
|c 40482
|d 40482
|
| 020 |
|
|
|a 9781138573413
|
| 040 |
|
|
|a BD-DhAAL
|
| 082 |
|
|
|a 371.207
|2 23
|
| 245 |
|
|
|a Educational administration innovation for sustainable development :
|b proceedings of the International Conference on Research of Educational Administration and Management (ICREAM 2017), October 17, 2017, Bandung, Indonesia /
|c edited by Aan Komariah, Taufani C. Kurniatun, Dedy A. Kurniady, Rita Anggorowati, Ade Gafar Abdullah and Asep Bayu Dani Nandiyanto
|
| 260 |
|
|
|a London :
|b Routledge ;
|c c2018
|
| 300 |
|
|
|a xii, 357 pages :
|b illustrations, graphs, maps ;
|c 25 cm
|
| 504 |
|
|
|a Includes bibliographical references and index.
|
| 526 |
|
|
|a AAL
|
| 541 |
|
|
|a Parama
|e 34353
|
| 650 |
|
|
|a School management and organization
|v Congresses
|9 30407
|
| 650 |
|
|
|a Universities and colleges
|x Administration
|v Congresses
|9 30408
|
| 700 |
|
|
|a Komariah, Aan
|9 30409
|
| 700 |
|
|
|a Kurniatun, Taufani C.
|9 30410
|
| 700 |
|
|
|a Kurniady, Dedy A.
|9 30411
|
| 700 |
|
|
|a Anggorowati, Rita
|9 30412
|
| 700 |
|
|
|a Abdullah, Ade Gafar
|9 30413
|
| 700 |
|
|
|a Nandiyanto, Asep Bayu Dani
|9 30414
|
| 852 |
|
|
|a Ayesha Abed Library
|c General Stacks
|
| 942 |
|
|
|2 ddc
|c BK
|
| 952 |
|
|
|0 0
|1 0
|2 ddc
|4 0
|6 371_207000000000000_EDU
|7 0
|9 65112
|a BRACUL
|b BRACUL
|c GEN
|d 2019-02-26
|e Parama
|g 12780.00
|l 0
|o 371.207 EDU
|p 3010034353
|r 2019-02-26
|t 1
|v 12780.00
|w 2019-02-26
|y BK
|